| 000 | 00875nam a2200253 a 4500 | ||
|---|---|---|---|
| 001 | BRCA_7662 | ||
| 005 | 20190320205932.0 | ||
| 008 | 260713s1954----mx-a######---#000-0#spa-# | ||
| 041 | _aspa | ||
| 044 | _amx | ||
| 050 | 4 |
_aHD6473 _b.C37 1954 |
|
| 100 | 1 |
_aCarrera Stampa, Manuel _918900 |
|
| 245 | 1 | 0 |
_aLos gremios mexicanos _bla organización gremial en Nueva España 1521-1861 _cManuel Carrera Stampa ; prólogo de Rafael Altamira. |
| 260 |
_aMéxico _bEdiapsa _c1954 |
||
| 300 |
_axii, 399 p. _bil., 12 láminas _c23 cm. |
||
| 440 | 0 |
_aEstudios histórico-económicos mexicanos de la Cámara Nacional de la Industria de la Transformación _n1 _918901 |
|
| 500 | _aT82 | ||
| 650 | 1 | 4 |
_aGremios _zMéxico _918902 |
| 650 | 1 | 4 |
_aHistoria _zMéxico _910416 |
| 650 | 1 | 4 |
_aGremios _zEspaña _918903 |
| 700 | 1 |
_aAltamira, Rafael _epról. _918904 |
|
| 902 | _aGFM | ||
| 942 |
_2lcc _cB |
||
| 999 |
_c7336 _d7336 |
||